00556nam a2200169Ia 4500008004000000020001800040082001300058100001500071245005700086260004100143300001300184650001400197690001700211906001100228999001900239952012800258210210b1997 xxu||||| |||| 00| 0 eng d a0 521 63453 9 a423 CAMB aCAMBRIDGE. aCambridge international dictionary of phrasal verbs. aUnited Kingdom.bNot Mentionedc1997 axiii,381 aPhrases  aDictionaries a055021 c102960d102960 001040708EnglishaALbALcEnglish Languaged2021-02-17g135.00l0o423 CAMBp055021r2021-02-17 00:00:00w2021-02-17yBK